Catálogo

Ingeniería de diseño medioambiental. DFE : (Registro nro. 42907)

Detalles MARC
000 -LEADER
fixed length control field 01411cam a2200337 i 4500
001 - CONTROL NUMBER
control field 42907
003 - CONTROL NUMBER IDENTIFIER
control field Mx-PuUPA
005 - DATE AND TIME OF LATEST TRANSACTION
control field 20240410103823.0
008 - FIXED-LENGTH DATA ELEMENTS--GENERAL INFORMATION
fixed length control field 140415s1997 sp a fr 001 0 spa d
020 ## - INTERNATIONAL STANDARD BOOK NUMBER
International Standard Book Number 8448107527
040 ## - CATALOGING SOURCE
Original cataloging agency Mx-PuUPA
Language of cataloging spa
Transcribing agency Mx-PuUPA
Modifying agency Mx-PuUPA
Description conventions rda
041 1# - LANGUAGE CODE
Language code of text/sound track or separate title spa
Language code of original eng
130 1# - MAIN ENTRY--UNIFORM TITLE
Uniform title Design for environment. Creating eco-efficient products and processes.
245 10 - TITLE STATEMENT
Title Ingeniería de diseño medioambiental. DFE :
Remainder of title desarrollo integral de productos y procesos ecoeficientes /
Statement of responsibility, etc. editor, Joseph Fiksel ; traducción, Carlota Arquiaga
250 ## - EDITION STATEMENT
Edition statement Primera edición
264 #4 - PRODUCTION, PUBLICATION, DISTRIBUTION, MANUFACTURE, AND COPYRIGHT NOTICE
Place of production, publication, distribution, manufacture Aravaca, Madrid :
Name of producer, publisher, distributor, manufacturer McGraw-Hill / Interamericana de España,
Date of production, publication, distribution, manufacture, or copyright notice ©1997
300 ## - PHYSICAL DESCRIPTION
Extent xx, 512 páginas :
Other physical details ilustraciones ;
Dimensions 24 cm
336 ## - CONTENT TYPE
Fuente rdacontent
Content type term texto
Content type code txt
337 ## - MEDIA TYPE
Source rdamedia
Media type term sin medio
Media type code n
338 ## - CARRIER TYPE
Source rdacarrier
Carrier type term volumen
Carrier type code nc
490 0# - SERIES STATEMENT
Series statement Manuales McGraw-Hill de ingeniería y ciencia
650 #4 - SUBJECT ADDED ENTRY--TOPICAL TERM
Topical term or geographic name entry element Diseño industrial
General subdivision Aspectos ambientales
650 #4 - SUBJECT ADDED ENTRY--TOPICAL TERM
Topical term or geographic name entry element Empresas
General subdivision Dirección y administración
-- Aspectos ambientales
650 #4 - SUBJECT ADDED ENTRY--TOPICAL TERM
Topical term or geographic name entry element Diseño industrial
700 1# - ADDED ENTRY--PERSONAL NAME
Personal name Fiksel, Joseph,
Relator term editor
700 1# - ADDED ENTRY--PERSONAL NAME
Personal name Arquiaga, Carlota,
Relator term traductor
765 08 - ORIGINAL LANGUAGE ENTRY
Main entry heading Fiksel, Joseph,
Place, publisher, and date of publication New York : McGraw-Hill, ©1996
Title Design for environment. Creating eco-efficient products and processes.
International Standard Book Number 0070209723
942 ## - ADDED ENTRY ELEMENTS (KOHA)
Source of classification or shelving scheme Dewey Decimal Classification
Koha item type Libro
Classification part 628
Item part I44
Existencias
Withdrawn status Lost status Source of classification or shelving scheme Damaged status Not for loan Collection code Home library Current library Shelving location Date acquired Source of acquisition Total Checkouts Total Renewals Full call number Barcode Date last seen Date last checked out Price effective from Koha item type Copy number
    Dewey Decimal Classification     General Biblioteca Karol Wojtyla Biblioteca Karol Wojtyla Sala general 03/12/2013 Compra 2 1 628 I44 1997 54074 05/01/2026 31/08/2022 03/12/2013 Libro  
    Dewey Decimal Classification     General Biblioteca Karol Wojtyla Biblioteca Karol Wojtyla Sala general 03/12/2013 Compra     628 I44 1997 64655 05/01/2026   03/12/2013 Libro Ej.2